000 00618nam a2200229Ia 4500
003 OSt
005 20220924152834.0
006 a|||||r|||| 00| 0
007 ta
008 220923b |||||||| |||| 00| 0 ara d
024 _a344942
037 _cTextual
040 _aARTS
_cARTS
_bara
041 _2ara
_aara
082 _aV6.N9, 28M4
100 _aAhmad Jamal Mohammad Tr.
_9174882
245 0 _aAl-ansar al-insan fi al-tatuwwar al-afriqi
260 _c1984
650 _aAFRICA - HISTORY
_920294
942 _hV6.N9, 28M4
_cTEXL
_2CC
999 _c471191
_d471191